<?xml version="1.0" encoding="UTF-8"?><?xml-stylesheet type="text/xsl" href="static/style.xsl"?><OAI-PMH xmlns="http://www.openarchives.org/OAI/2.0/" xmlns:xsi="http://www.w3.org/2001/XMLSchema-instance" xsi:schemaLocation="http://www.openarchives.org/OAI/2.0/ http://www.openarchives.org/OAI/2.0/OAI-PMH.xsd"><responseDate>2026-04-13T02:55:32Z</responseDate><request verb="GetRecord" identifier="oai:www.recercat.cat:2072/485767" metadataPrefix="marc">https://recercat.cat/oai/request</request><GetRecord><record><header><identifier>oai:recercat.cat:2072/485767</identifier><datestamp>2025-08-31T18:25:05Z</datestamp><setSpec>com_2072_98</setSpec><setSpec>col_2072_378192</setSpec></header><metadata><record xmlns="http://www.loc.gov/MARC21/slim" xmlns:dcterms="http://purl.org/dc/terms/" xmlns:xsi="http://www.w3.org/2001/XMLSchema-instance" xmlns:doc="http://www.lyncode.com/xoai" xsi:schemaLocation="http://www.loc.gov/MARC21/slim http://www.loc.gov/standards/marcxml/schema/MARC21slim.xsd">
   <leader>00925njm 22002777a 4500</leader>
   <datafield ind2=" " ind1=" " tag="042">
      <subfield code="a">dc</subfield>
   </datafield>
   <datafield ind2=" " ind1=" " tag="720">
      <subfield code="a">Padrón Pereira, Carlos Alberto</subfield>
      <subfield code="e">author</subfield>
   </datafield>
   <datafield ind2=" " ind1=" " tag="720">
      <subfield code="a">Padrón-León, Valentina Angelé</subfield>
      <subfield code="e">author</subfield>
   </datafield>
   <datafield ind2=" " ind1=" " tag="260">
      <subfield code="c">2025</subfield>
   </datafield>
   <datafield ind2=" " ind1=" " tag="520">
      <subfield code="a">Este estudio implementó un sistema de visión computarizada para analizar el color de insectos. Para ello, se capturaron imágenes de una ninfa, tres chinches adultos y un escarabajo (vivo y muerto) bajo luz controlada, solar directa y sombra. Acto seguido, las imágenes se preprocesaron y segmentaron para determinar el color en coordenadas CIE L*a*b*. De esta manera, se confirmó la variación de color entre chinches adultos y cómo la percepción cambia según la iluminación. Finalmente, aunque no se obtuvo un color representativo del escarabajo, se registraron cambios temporales en su coloración post mortem mediante ΔE y ángulo de tono.</subfield>
   </datafield>
   <datafield ind2=" " ind1=" " tag="520">
      <subfield code="a">Aquest estudi implementa un sistema de visió informatitzada per a analitzar el color d'insectes. Es van capturar imatges d'una nimfa, tres xinxes adults i un escarabat (viu i mort) sota llum controlada, solar directa i ombra. Tot seguit, les imatges es preprocessen i segmenten per a determinar el color en coordenades CIE L*a*b*. Així, es va confirmar la variació de color entre xinxes adults i com la percepció canvia segons la il·luminació. Finalment, encara que no es va obtenir un color representatiu de l'escarabat, es van registrar canvis temporals en la coloració post mortem mitjançant *ΔE i angle de to.</subfield>
   </datafield>
   <datafield ind2=" " ind1=" " tag="520">
      <subfield code="a">This study implemented a computer vision system to analyze insect color. To do this, images of a nymph, three adult stink bugs, and a beetle (live and dead) were captured under controlled light, direct sunlight, and shade. The images were then preprocessed and segmented to determine the color in CIE-L*a*b* coordinates. This confirmed the color variation between adult stink bugs and how perception changes depending on lighting. Finally, although a representative color for the beetle was not obtained, temporary changes in its post-mortem coloration were recorded using ΔE and hue angle.</subfield>
   </datafield>
   <datafield ind1="8" ind2=" " tag="024">
      <subfield code="a">http://hdl.handle.net/2072/485767</subfield>
   </datafield>
   <datafield tag="653" ind2=" " ind1=" ">
      <subfield code="a">Cissites maculata</subfield>
   </datafield>
   <datafield tag="653" ind2=" " ind1=" ">
      <subfield code="a">Edessa rufomarginata</subfield>
   </datafield>
   <datafield tag="653" ind2=" " ind1=" ">
      <subfield code="a">Color d'insectes</subfield>
   </datafield>
   <datafield tag="653" ind2=" " ind1=" ">
      <subfield code="a">Coordenades colomètriques</subfield>
   </datafield>
   <datafield tag="653" ind2=" " ind1=" ">
      <subfield code="a">Visió per computador</subfield>
   </datafield>
   <datafield tag="653" ind2=" " ind1=" ">
      <subfield code="a">Insect color</subfield>
   </datafield>
   <datafield tag="653" ind2=" " ind1=" ">
      <subfield code="a">Colorimetric coordinates</subfield>
   </datafield>
   <datafield tag="653" ind2=" " ind1=" ">
      <subfield code="a">Computer vision</subfield>
   </datafield>
   <datafield tag="653" ind2=" " ind1=" ">
      <subfield code="a">Color de insectos</subfield>
   </datafield>
   <datafield tag="653" ind2=" " ind1=" ">
      <subfield code="a">Coordenadas colorimètricas</subfield>
   </datafield>
   <datafield tag="653" ind2=" " ind1=" ">
      <subfield code="a">Visión por computadora</subfield>
   </datafield>
   <datafield ind2="0" ind1="0" tag="245">
      <subfield code="a">Procesamiento digital de imágenes de insectos para la determinación del color mediante un sistema de visión computarizada</subfield>
   </datafield>
</record></metadata></record></GetRecord></OAI-PMH>